[Event "ICS Rated blitz match"]
[Site "207.99.83.227"]
[Date "1999.04.18"]
[Round "?"]
[White "Hossa"]
[Black "matar"]
[Result "1/2-1/2"]
[WhiteElo "2554"]
[BlackElo "2387"]
[PlyCount "129"]

1. e4 c5 2. Bc4 e6 3. Nc3 Nc6 4. Nf3 Nf6 5. O-O d5 6. exd5 exd5 7. Bb5 Bd6 8.
Re1+ Be6 9. Ng5 O-O 10. Bxc6 bxc6 11. Nxe6 fxe6 12. Rxe6 Qd7 13. Qe2 Rae8 14.
Rxe8 Rxe8 15. Qf1 Ng4 16. h3 Nh2 17. Qd1 Nf3+ 18. Kf1 Qe6 19. Ne2 Nh2+ 20. Kg1
Qxe2 21. Qxe2 Rxe2 22. f4 Bxf4 23. b3 Be5 24. c3 Bg3 25. Ba3 Rxd2 26. Bxc5 a6
27. Bd4 h6 28. a4 g5 29. Kh1 g4 30. h4 h5 31. Bg1 Rd3 32. Bxh2 Bxh4 33. Be5 Kf7
34. Rf1+ Ke6 35. Bd4 c5 36. Bg7 Re3 37. Kg1 Re1 38. Rxe1+ Bxe1 39. Kf1 Bh4 40.
b4 Be7 41. b5 axb5 42. axb5 Bd8 43. g3 Kd6 44. Bf8+ Be7 45. Bxe7+ Kxe7 46. Ke2
Kd6 47. Ke3 Kc7 48. Kf4 Kb6 49. Ke3 Kxb5 50. Kd3 Kc6 51. Kd2 Kd6 52. Kd3 Ke5
53. c4 d4 54. Kd2 Ke4 55. Ke2 d3+ 56. Kd2 Kd4 57. Kd1 Kxc4 58. Kd2 Kd4 59. Kc1
Ke4 60. Kd2 Kf3 61. Kxd3 Kxg3 62. Ke3 h4 63. Ke4 h3 64. Ke5 h2 65. Kf6 {
matar ran out of time and Hossa has no material to mate} 1/2-1/2

[Event "ICS rated blitz match"]
[Site "207.99.83.227"]
[Date "1999.04.18"]
[Round "?"]
[White "matar"]
[Black "Hossa"]
[Result "0-1"]
[WhiteElo "2394"]
[BlackElo "2547"]
[PlyCount "52"]

1. e4 d6 2. d4 Nf6 3. Nc3 Nbd7 4. Nf3 e5 5. Bc4 exd4 6. Nxd4 Be7 7. O-O Ne5 8.
Be2 O-O 9. h3 d5 10. exd5 Nxd5 11. Nxd5 Qxd5 12. Nf5 Nf3+ 13. Bxf3 Qxf5 14. Re1
Qf6 15. Qe2 Re8 16. Be4 Qh4 17. Bd2 c6 18. Bc3 Be6 19. Rad1 Bc5 20. Qf3 Rad8
21. Bd3 Bd5 22. Rxe8+ Rxe8 23. Qf5 Re6 24. Re1 g6 25. Rxe6 gxf5 26. Re8+ 26...
Bf8 {matar resigns} 0-1

[Event "ICS rated bullet match"]
[Site "207.99.83.227"]
[Date "1999.04.18"]
[Round "?"]
[White "Tenho"]
[Black "Hossa"]
[Result "0-1"]
[WhiteElo "2197"]
[BlackElo "2423"]
[PlyCount "136"]

1. c4 e5 2. g3 Be7 3. Bg2 Nc6 4. Nf3 e4 5. Ng1 Ne5 6. Bxe4 Nxc4 7. Qc2 d5 8.
Bg2 Nf6 9. Nf3 O-O 10. O-O Bg4 11. Nc3 Bxf3 12. Bxf3 Ne5 13. Bg2 d4 14. Nb5 c6
15. Na3 Bxa3 16. bxa3 d3 17. exd3 Nxd3 18. Rb1 Qd7 19. a4 Rfe8 20. Rb3 Ne1 21.
Qb1 Nxg2 22. Kxg2 b6 23. a5 Qd5+ 24. Kg1 Qxa5 25. d4 Re2 26. a3 Qh5 27. Kg2
Qd5+ 28. Kg1 Qxd4 29. Be3 Qg4 30. Qd1 Re8 31. Rd3 Ra2 32. Qxg4 Nxg4 33. Rc1 h5
34. Rxc6 Ne5 35. Rcd6 Nxd3 36. Rxd3 Kh7 37. h4 Re5 38. Rb3 Ra1+ 39. Kg2 Ra5 40.
Rc3 R5xa3 41. Rc7 Kg6 42. Rc6+ f6 43. Rc7 Rd1 44. Rb7 Ra2 45. Kf3 f5 46. Rc7
Rd6 47. Bf4 Re6 48. Be3 Ra3 49. Kg2 Rd6 50. Bf4 Rf6 51. Be5 Rf7 52. Rc6+ Kh7
53. Bf4 b5 54. Rc5 b4 55. Rb5 a5 56. Bd6 Kg6 57. Bf4 Re7 58. Bd6 Rd7 59. Rb6
Kh7 60. Bf4 Ra2 61. Be3 Rd3 62. Kf3 b3 63. Kf4 b2 64. Kxf5 a4 65. Rb4 Rb3 66.
Rxb3 axb3 67. Kg5 b1=Q 68. Kxh5 68... Qg6# {Tenho checkmated} 0-1

[Event "ICS Rated blitz match"]
[Site "207.99.83.227"]
[Date "1999.04.18"]
[Round "?"]
[White "Hossa"]
[Black "matar"]
[Result "0-1"]
[WhiteElo "2556"]
[BlackElo "2385"]
[Annotator "Crafty v16.6"]
[PlyCount "73"]

{annotating for player ossa  using a scoring margin of +0.10 pawns.  search
time limit is 10.00} 1. e4 1... c5 2. Bc4 e6 3. Nc3 Nc6 4. Nf3 Nf6 5. O-O d5 6.
exd5 exd5 7. Bb5 Bd6 8. Re1+ Be6 9. Ng5 O-O 10. Bxc6 bxc6 11. Nxe6 fxe6 12.
Rxe6 Qd7 13. Re2 Ng4 14. h3 Nh2 15. d3 Nf3+ 16. gxf3 Qxh3 17. f4 Rf6 18. Re3
Rg6+ 19. Rg3 Rxg3+ 20. fxg3 Qxg3+ 21. Kf1 Rf8 22. Qe1 Qh3+ 23. Kg1 Rf6 24. Qe8+
Bf8 25. f5 Qxf5 26. Qe2 Rg6+ 27. Qg2 Bd6 28. Qxg6 Qxg6+ 29. Kf1 Qf5+ 30. Kg2
Qg4+ 31. Kf1 Qf3+ 32. Kg1 Bg3 33. Be3 Qxe3+ 34. Kg2 Qf2+ 35. Kh3 h5 36. Rh1 g5
37. Nxd5 0-1

[Event "ICS rated blitz match"]
[Site "207.99.83.227"]
[Date "1999.04.18"]
[Round "?"]
[White "Hossa"]
[Black "inmortal"]
[Result "0-1"]
[WhiteElo "2540"]
[BlackElo "2317"]
[Annotator "Crafty v16.6"]
[PlyCount "146"]

{annotating for player ossa  using a scoring margin of +0.10 pawns.  search
time limit is 10.00} 1. e4 1... e5 2. Nf3 Nc6 3. Bb5 a6 4. Bxc6 dxc6 5. O-O Bg4
6. h3 Bxf3 7. Qxf3 Ne7 8. Qb3 ({9:+0.07} 8. Qb3 8... Rb8 9. d3 Nc8 10. Na3 Bxa3
11. Qxa3 Qd6 12. Qxd6 Nxd6 13. Bg5 $10) ({9:+0.25} 8. Na3 8... Ng6 9. Nc4 Bc5
10. Na5 Rb8 11. Nb3 Nh4 12. Qh5 $10) 8... b6 9. d3 g6 10. f4 Bg7 11. fxe5 O-O
12. Qc3 c5 13. Bg5 Qd7 14. Bf6 Qe6 15. Bxg7 Kxg7 16. Rf6 Qd7 17. Nd2 Nc6 18. e6
Qd4+ 19. Qxd4 Nxd4 20. Rxf7+ Rxf7 21. exf7 Nxc2 22. Rf1 Rf8 23. Nf3 Rxf7 24.
Rc1 Nb4 25. Ne5 Re7 26. a3 Rxe5 27. axb4 cxb4 28. Rxc7+ Kf6 29. Rxh7 Rc5 30.
Rb7 Rc6 31. d4 a5 32. d5 Rc2 33. Rxb6+ Ke5 34. Re6+ Kf4 35. d6 Rxb2 36. Kf1 a4
37. Rxg6 a3 38. d7 Rd2 39. e5 Kxe5 40. Ra6 Rxd7 41. Ra4 Rb7 42. g3 b3 43. Rxa3
b2 44. Re3+ Kd4 45. Re1 b1=Q 46. Rxb1 Rxb1+ 47. Kg2 Ke4 48. h4 Kf5 49. Kh3 Rb3
50. h5 Kg5 51. h6 Kxh6 52. Kg4 Kg6 53. Kf4 Rb5 54. Ke4 Kg5 55. Kd4 Kg4 56. Kc4
Rf5 57. Kd4 Kxg3 58. Ke4 Kg4 59. Kd3 Kf4 60. Kd4 Re5 61. Kc3 Ke4 62. Kc4 Rd5
63. Kc3 Rd4 64. Kc2 Rd3 65. Kb2 Kd4 66. Kc2 Kc4 67. Kb2 Rc3 68. Ka2 Kb4 69. Kb2
Rc4 70. Ka2 Rc2+ 71. Ka1 Kb3 72. Kb1 Rc3 73. Ka1 Rc1# 0-1

[Event "ICS rated blitz match"]
[Site "207.99.83.227"]
[Date "1999.04.18"]
[Round "?"]
[White "totoff"]
[Black "Hossa"]
[Result "1/2-1/2"]
[WhiteElo "2233"]
[BlackElo "2515"]
[PlyCount "50"]

1. e4 e5 2. Nf3 Nc6 3. Bb5 a6 4. Ba4 Nf6 5. Bxc6 dxc6 6. d3 Bc5 7. Nbd2 Ng4 8.
O-O O-O 9. h3 Nxf2 10. Rxf2 Bxf2+ 11. Kxf2 Be6 12. Kg1 Qe7 13. Nf1 f5 14. exf5
Bxf5 15. Ng3 Qc5+ 16. Kh1 Qf2 17. Nxf5 Rxf5 18. Bd2 Raf8 19. Qe1 Rxf3 20. gxf3
Qxf3+ 21. Kh2 Qf2+ 22. Kh1 Qf3+ 23. Kh2 Qf2+ 24. Kh1 Qf3+ 25. Kh2 25... Qf2+ {
Game drawn by repetition} 1/2-1/2

[Event "ICS rated blitz match"]
[Site "207.99.83.227"]
[Date "1999.04.18"]
[Round "?"]
[White "totoff"]
[Black "Hossa"]
[Result "0-1"]
[WhiteElo "2238"]
[BlackElo "2510"]
[PlyCount "122"]

1. e4 d6 2. d4 Nf6 3. Nc3 Nbd7 4. f4 Nb6 5. Nf3 d5 6. e5 Ne4 7. Bd3 Nxc3 8.
bxc3 Bg4 9. h3 Bxf3 10. Qxf3 e6 11. O-O Qd7 12. f5 O-O-O 13. fxe6 fxe6 14. Qf7
Qxf7 15. Rxf7 Rd7 16. Rf2 Be7 17. Bd2 g5 18. Raf1 g4 19. hxg4 h6 20. Rf7 Bg5
21. Bxg5 Rxf7 22. Rxf7 hxg5 23. Rg7 c5 24. Rxg5 c4 25. Bf1 Na4 26. Rg6 Re8 27.
g5 Nxc3 28. Rg7 Nb5 29. c3 Nxc3 30. g6 Nb5 31. Rf7 Nxd4 32. g7 Nf5 33. Rf8 Nxg7
34. Rf6 Nf5 35. g4 Ne3 36. g5 Nxf1 37. Kxf1 c3 38. Ke2 b5 39. g6 Kb7 40. g7 Rg8
41. Rf7+ Kb6 42. Kd3 b4 43. Re7 a5 44. Rxe6+ Kb5 45. Re7 Kc6 46. Ra7 d4 47. e6
a4 48. e7 b3 49. axb3 axb3 50. Ra6+ Kd7 51. Ra7+ Ke6 52. Ra6+ Kxe7 53. Ra7+ Kf6
54. Ra6+ Kxg7 55. Ra7+ Kf6 56. Ra6+ Ke5 57. Ra5+ Kf4 58. Kxd4 b2 59. Rb5 c2 60.
Kd3 b1=Q 61. Rxb1 61... cxb1=Q+ {totoff resigns} 0-1

[Event "ICS rated blitz match"]
[Site "207.99.83.227"]
[Date "1999.04.18"]
[Round "?"]
[White "Hossa"]
[Black "TDChess"]
[Result "1-0"]
[WhiteElo "2516"]
[BlackElo "2553"]
[PlyCount "121"]

1. e4 e6 2. Nf3 d5 3. exd5 exd5 4. Be2 Nf6 5. O-O Bd6 6. Nc3 O-O 7. Re1 Nc6 8.
d4 Re8 9. Nb5 Bg4 10. Nxd6 Qxd6 11. Be3 Qb4 12. Rb1 Qa4 13. a3 Bf5 14. Rc1 Kh8
15. Bg5 Re6 16. Bf4 Rc8 17. Be5 h6 18. Bxf6 Rxf6 19. Qd2 Bg4 20. Bd1 Qa5 21.
Qxa5 Nxa5 22. Ne5 Bxd1 23. Rcxd1 Nc4 24. Nxc4 dxc4 25. Re7 Rb6 26. Rb1 f5 27.
c3 f4 28. Rf7 g5 29. h4 Kg8 30. Rf5 Rf8 31. Rc5 Rc6 32. Rxc6 bxc6 33. hxg5 hxg5
34. Re1 Rb8 35. Re5 Rb5 36. Re6 Rb6 37. Rg6+ Kh8 38. Rxg5 Rxb2 39. Rc5 Rb6 40.
Rxc4 Kg7 41. Kf1 Ra6 42. Ke2 Kf6 43. Kf3 Ke6 44. a4 Ra5 45. Kxf4 Kd5 46. Rc5+
Rxc5 47. dxc5 Ke6 48. g4 Kf6 49. g5+ Kg6 50. Kg4 Kg7 51. f4 Kg6 52. f5+ Kf7 53.
g6+ Kf6 54. Kh4 a6 55. Kg4 a5 56. Kf4 Kg7 57. c4 Kf6 58. Ke4 Kg7 59. Ke5 Kf8
60. f6 Ke8 61. g7 {TDChess resigns} 1-0

[Event "ICS rated blitz match"]
[Site "207.99.83.227"]
[Date "1999.04.18"]
[Round "?"]
[White "Hossa"]
[Black "WhiteHorse"]
[Result "1/2-1/2"]
[WhiteElo "2542"]
[BlackElo "2371"]
[PlyCount "161"]

1. e4 h6 2. Be2 g6 3. Nf3 Bg7 4. d4 d6 5. O-O Nc6 6. d5 Nb8 7. Nc3 e5 8. Ne1 f5
9. f4 Nf6 10. exf5 Bxf5 11. fxe5 dxe5 12. Be3 O-O 13. Qd2 Kh7 14. Rd1 Nbd7 15.
Bd3 Bxd3 16. Nxd3 Qe7 17. Rde1 Rad8 18. Bd4 Nh5 19. Rxf8 Rxf8 20. Be3 Qf7 21.
Nc5 Nxc5 22. Bxc5 Rd8 23. Rf1 Qd7 24. Qe1 b6 25. Bf2 Nf4 26. Bg3 Nxd5 27. Bh4
g5 28. Qe4+ Kh8 29. Rd1 c6 30. Bg3 Qe6 31. Ne2 Re8 32. Rf1 Nf4 33. Nc3 Nd5 34.
Ne2 Qe7 35. Kh1 Qc5 36. Rf7 Rf8 37. Rxf8+ Qxf8 38. Bxe5 Qe7 39. Bxg7+ Kxg7 40.
Qxe7+ Nxe7 41. g4 Kf6 42. a4 Ke5 43. c3 Ke4 44. h3 Kd3 45. Nd4 c5 46. Nf5 Ng8
47. Nd6 Kc2 48. Nc8 Kxb2 49. Nxa7 Kxc3 50. Nc6 c4 51. a5 bxa5 52. Nxa5 Kd3 53.
Kg1 c3 54. Kf2 Kc2 55. Nc4 Kb3 56. Na5+ Kb2 57. Nc4+ Kb1 58. Na3+ Kb2 59. Nc4+
Kb3 60. Na5+ Kb4 61. Nc6+ Kc5 62. Ne5 Kd4 63. Nc6+ Kd3 64. Na5 Kd2 65. Nc4+ Kd1
66. Ne3+ Kc1 67. Ke2 Nf6 68. Kd3 Kb2 69. Nd1+ Kb3 70. Nxc3 Kb4 71. Kd4 Kb3 72.
Nd1 Kc2 73. Ne3+ Kd2 74. Nf5 Ng8 75. Ne3 Ke2 76. Nf5 Kf3 77. Kd3 Kg2 78. h4
gxh4 79. Nxh4+ Kh3 80. Nf5 Kxg4 81. Nxh6+ {
Game drawn because neither player has mating material} 1/2-1/2

[Event "ICS rated blitz match"]
[Site "207.99.83.227"]
[Date "1999.04.18"]
[Round "?"]
[White "WhiteHorse"]
[Black "Hossa"]
[Result "0-1"]
[WhiteElo "2378"]
[BlackElo "2535"]
[PlyCount "152"]

1. d4 Nf6 2. c3 e6 3. e3 d5 4. f4 Be7 5. Bd3 c5 6. Nf3 c4 7. Bc2 O-O 8. O-O Bd7
9. Nbd2 Nc6 10. Ne5 Rc8 11. Rf3 Bd6 12. Rh3 Ne7 13. Bxh7+ Nxh7 14. Qh5 Re8 15.
Qxf7+ Kh8 16. Qh5 Kg8 17. Qxh7+ Kf8 18. Qh8+ Ng8 19. Ng6+ Kf7 20. Qh5 Nh6 21.
Rg3 Kg8 22. Ne7+ Qxe7 23. Qxh6 Rf8 24. Qh5 Rf5 25. Qe2 Qf7 26. Nf3 Qh5 27. Bd2
Rcf8 28. h3 Kh8 29. Kh2 Ba4 30. Rg4 Qh6 31. Qf2 Bc2 32. Rg1 Rh5 33. Rg3 Be4 34.
Bc1 Bb1 35. h4 Bxa2 36. Rh3 Qg6 37. g4 Rh6 38. h5 Qh7 39. Qh4 Qc2+ 40. Bd2 Qxb2
41. Rg2 Bb1 42. g5 Rh7 43. g6 Rh6 44. Ng5 Bxg6 45. Nxe6 Be4 46. Nxf8 Bxf8 47.
Re2 Qb1 48. Qe1 Qxe1 49. Rxe1 Bf5 50. Rg3 Rxh5+ 51. Kg1 Be4 52. Bc1 Rh1+ 53.
Kf2 Rh2+ 54. Kg1 Rc2 55. Rh3+ Kg8 56. Rh2 Rxc3 57. Rb2 Ba3 58. Rxb7 Rxc1 59.
Rxc1 Bxc1 60. Kf2 c3 61. Rxa7 Bb2 62. Ra8+ Kh7 63. Rc8 c2 64. Rxc2 Bxc2 65. Ke2
Bc3 66. Kf3 Bd1+ 67. Kf2 Bd2 68. f5 Kh6 69. f6 gxf6 70. e4 dxe4 71. d5 Bf4 72.
Ke1 Bf3 73. Kf1 e3 74. Ke1 Bg3+ 75. Kf1 e2+ 76. Kg1 76... e1=Q# {
WhiteHorse checkmated} 0-1

[Event "ICS rated blitz match"]
[Site "207.99.83.227"]
[Date "1999.04.18"]
[Round "?"]
[White "blunite"]
[Black "Hossa"]
[Result "0-1"]
[WhiteElo "2235"]
[BlackElo "2544"]
[PlyCount "230"]

1. e4 c5 2. Nf3 Nc6 3. Nc3 Nh6 4. d4 cxd4 5. Nxd4 g6 6. Be3 Bg7 7. Bc4 O-O 8.
Bb3 d6 9. f3 Nxd4 10. Bxd4 e5 11. Be3 Qh4+ 12. g3 Qh3 13. Qd2 Be6 14. O-O-O
Bxb3 15. axb3 Rfd8 16. Bg5 f6 17. Be3 Nf7 18. Nd5 Kh8 19. Rdf1 Rdc8 20. g4 Rc6
21. Kb1 a5 22. Qf2 a4 23. Nb6 Ra6 24. Nxa4 g5 25. Qg3 Qh6 26. h4 Qg6 27. h5 Qh6
28. Rd1 Nd8 29. Rd5 Ne6 30. Rhd1 Nf4 31. Bxf4 exf4 32. Qe1 Bf8 33. Nc3 Qg7 34.
Nb5 Rcb6 35. c4 Qe7 36. Qc3 h6 37. Nd4 Ra7 38. Nf5 Qe6 39. Kc2 Raa6 40. Qd4 Rc6
41. Kb1 Rcb6 42. Qc3 Ra7 43. R1d2 Rba6 44. Kc2 Ra8 45. Qd4 Rd8 46. Rd3 Rd7 47.
Rc3 b5 48. Qd3 b4 49. Qd4 bxc3 50. Kxc3 Rc7 51. Kc2 Rb7 52. Qd2 Rab6 53. Rd3
Rb8 54. Rc3 Qc8 55. Qd4 Qd8 56. Rd3 Kh7 57. Rc3 Ra8 58. Rd3 Kh8 59. Rc3 Rb4 60.
Rd3 Ra6 61. Rc3 Rab6 62. Rd3 Kh7 63. Rc3 Ra6 64. Rd3 Rb8 65. Rc3 Kh8 66. Rd3
Rc6 67. Rc3 Rb4 68. Kb1 Rcb6 69. Kc2 Rb7 70. Rd3 Kh7 71. Rc3 Rc7 72. Rd3 Rc6
73. Rc3 Qe8 74. Kb1 Qf7 75. Kc2 Kh8 76. Kb1 Ra6 77. Kc2 Qe6 78. Rd3 Qe5 79.
Qxe5 fxe5 80. Rd5 Rab6 81. Rd3 Kg8 82. Rc3 Kf7 83. Rd3 Ke8 84. Rc3 Kd7 85. Rd3
Kc6 86. Rc3 Kb7 87. Rd3 Ka7 88. Rc3 Kb8 89. Rd3 Kc7 90. Rc3 Rb7 91. Rd3 Kc6 92.
Rc3 Rb8 93. Rd3 Kc7 94. Rc3 Kc8 95. Rd3 R8b6 96. Rc3 Ra6 97. Rd3 Kc7 98. Rc3
Kb7 99. Rd3 Ka7 100. Rc3 Ra1 101. Rd3 Rb6 102. Rc3 Ka8 103. Rd3 Rf1 104. Rc3
Rf2+ 105. Kb1 Rd2 106. Rc2 Rd1+ 107. Rc1 Rxc1+ 108. Kxc1 Rxb3 109. Kc2 Rxf3
110. b3 Rg3 111. Nxg3 fxg3 112. Kc3 g2 113. Kb4 g1=Q 114. Kb5 Qc5+ 115. Ka4
115... d5 {blunite resigns} 0-1

[Event "ICS rated bullet match"]
[Site "207.99.83.227"]
[Date "1999.04.18"]
[Round "?"]
[White "Hossa"]
[Black "Helcio"]
[Result "1-0"]
[WhiteElo "2424"]
[BlackElo "2149"]
[PlyCount "37"]

1. e4 d5 2. exd5 Qxd5 3. Nc3 Qd6 4. Be2 Nf6 5. Nf3 a6 6. d4 e6 7. O-O Nbd7 8.
Bg5 c5 9. dxc5 Qxd1 10. Raxd1 Bxc5 11. Rd3 O-O 12. a3 b5 13. Rfd1 h6 14. Bf4
Nb6 15. Be5 Nbd5 16. Nxd5 Nxd5 17. Nd4 Bb7 18. Rg3 g6 19. Nxe6 {Helcio resigns}
1-0

[Event "ICS rated bullet match"]
[Site "207.99.83.227"]
[Date "1999.04.18"]
[Round "?"]
[White "Helcio"]
[Black "Hossa"]
[Result "1/2-1/2"]
[WhiteElo "2144"]
[BlackElo "2429"]
[PlyCount "102"]

1. Nf3 Nf6 2. c4 e6 3. d4 Be7 4. Nc3 d5 5. Bg5 O-O 6. e3 Nbd7 7. Qc2 c5 8. cxd5
exd5 9. Rd1 cxd4 10. Nxd4 h6 11. Bh4 Ne5 12. Bg3 Bd6 13. Be2 Neg4 14. O-O Bxg3
15. hxg3 Re8 16. Bf3 Be6 17. Nde2 Ne5 18. Nf4 Nxf3+ 19. gxf3 Qd7 20. Nxe6 fxe6
21. f4 Qf7 22. Kg2 Rac8 23. Qe2 Qg6 24. Qd3 Qxd3 25. Rxd3 Rc5 26. Rfd1 g6 27.
R1d2 Rec8 28. Rd1 b5 29. a3 Kh7 30. Kf3 a5 31. R3d2 Rf8 32. Kg2 b4 33. Na4 Rc4
34. Rd4 bxa3 35. Rxc4 dxc4 36. bxa3 Nd5 37. e4 Nf6 38. f3 Rb8 39. Rc1 Rb3 40.
Rxc4 Rxa3 41. Nc3 Ne8 42. Rc8 Ng7 43. Rc7 Ra1 44. Nb5 Rb1 45. Nd6 Rb2+ 46. Kh3
Kg8 47. Ra7 Ra2 48. Ra8+ Kh7 49. Ra7 Kg8 50. Ra8+ Kh7 51. Ra7 51... Kg8 {
Game drawn by repetition} 1/2-1/2

[Event "ICS rated blitz match"]
[Site "207.99.83.227"]
[Date "1999.04.18"]
[Round "?"]
[White "Hossa"]
[Black "TDChess"]
[Result "0-1"]
[WhiteElo "2549"]
[BlackElo "2506"]
[Annotator "Crafty v16.6"]
[PlyCount "142"]

{annotating for player ossa  using a scoring margin of +0.10 pawns.  search
time limit is 10.00} 1. e4 1... e6 2. Nf3 d5 3. exd5 exd5 4. d4 ({8:+0.10} 4.
d4 4... Nf6 5. Bb5+ c6 6. Bd3 Bb4+ 7. Bd2 Bxd2+ 8. Nbxd2 O-O 9. O-O 9... Bg4
$10) ({8:+0.98} 4. Bb5+ $16) 4... Nf6 5. Bg5 Bb4+ 6. c3 Bd6 7. Qe2+ Kf8 8. Nbd2
h6 9. Bh4 g5 10. Bg3 Kg7 11. O-O-O Qd7 12. Bxd6 Qxd6 13. Qe5 Qc6 14. Nxg5 Re8
15. Qf4 hxg5 16. Qxg5+ Kf8 17. Bb5 Qxb5 18. Qxf6 Be6 19. Rde1 Nd7 20. Qf4 Rac8
21. Qh4 Qa6 22. a3 Qd3 23. h3 Qg6 24. g4 Kg7 25. f4 Rh8 26. Qf2 Qf6 27. f5 Nb6
28. Nf3 Bd7 29. h4 Nc4 30. Ne5 Nxe5 31. Rxe5 Bc6 32. g5 Qd6 33. f6+ Kg8 34. h5
Bd7 35. Qe3 Rb8 36. h6 Rh7 37. Re1 Rd8 38. g6 fxg6 39. Qg5 Rf8 40. Rf1 Kh8 41.
Qxg6 Rg8 42. Qh5 Qa6 43. Ree1 Bg4 44. Qxd5 Rd7 45. Qe5 Rf7 46. Rf4 Bc8 47. Ref1
Kh7 48. Qd5 Be6 49. Qe4+ Kh8 50. d5 Bh3 51. R1f2 Rg1+ 52. Kc2 Bd7 53. Qe5 Ba4+
54. b3 Qb6 55. Kd3 Qb5+ 56. Kd2 Bxb3 57. Rf1 Rg6 58. Kc1 Qxd5 59. Qe3 Qc6 60.
Kb2 Bc4 61. R1f3 Rg2+ 62. Rf2 Qb5+ 63. Kc1 Rg1+ 64. Rf1 Rxf1+ 65. Rxf1 Bxf1 66.
Qxa7 Qg5+ 67. Kd1 Rd7+ 68. Ke1 Bc4 69. Kf2 Rd2+ 70. Ke1 Re2+ 71. Kd1 Qd2# 0-1

[Event "ICS rated blitz match"]
[Site "207.99.83.227"]
[Date "1999.04.18"]
[Round "?"]
[White "Hossa"]
[Black "blunite"]
[Result "1-0"]
[WhiteElo "2531"]
[BlackElo "2230"]
[PlyCount "45"]

1. e4 e5 2. Nf3 Nc6 3. Bc4 Nf6 4. Ng5 Bc5 5. Nxf7 Bxf2+ 6. Kf1 Qe7 7. Nxh8 d5
8. exd5 Nd4 9. d6 cxd6 10. c3 Bg4 11. Qa4+ Bd7 12. Qb4 Bc6 13. cxd4 Bxd4 14.
Qb3 Ne4 15. Ke2 O-O-O 16. Nf7 Qh4 17. Nxd8 Qf2+ 18. Kd1 Nc5 19. Qh3+ Kxd8 20.
Rf1 Qxg2 21. Rf8+ Kc7 22. Qc8+ Kb6 23. Qd8# {blunite checkmated} 1-0

[Event "ICS rated blitz match"]
[Site "207.99.83.227"]
[Date "1999.04.18"]
[Round "?"]
[White "SABINAH"]
[Black "Hossa"]
[Result "0-1"]
[WhiteElo "2082"]
[BlackElo "2536"]
[PlyCount "26"]

1. e4 d6 2. Nf3 Nf6 3. Nc3 e6 4. d4 Be7 5. Be3 O-O 6. h3 d5 7. e5 Nfd7 8. Qd2
c5 9. O-O-O Nc6 10. dxc5 Ndxe5 11. Nxe5 Nxe5 12. Bd4 Nc6 13. g4 13... e5 {
SABINAH resigns} 0-1

[Event "ICS rated blitz match"]
[Site "207.99.83.227"]
[Date "1999.04.18"]
[Round "?"]
[White "Mogno"]
[Black "Hossa"]
[Result "0-1"]
[WhiteElo "2041"]
[BlackElo "2538"]
[PlyCount "94"]

1. e4 e5 2. Nf3 Nc6 3. Bb5 a6 4. Ba4 Nf6 5. d3 d6 6. Nbd2 Be7 7. Nf1 b5 8. Bb3
O-O 9. c3 Na5 10. Bc2 Ng4 11. h3 Nf6 12. Ng3 Nc6 13. O-O Be6 14. b4 a5 15. bxa5
Rxa5 16. Bb3 Bxb3 17. Qxb3 d5 18. Bg5 dxe4 19. dxe4 Qa8 20. Rfd1 Rd8 21. c4
Rxd1+ 22. Rxd1 bxc4 23. Qxc4 Ra4 24. Qb5 Rxa2 25. Bxf6 Bxf6 26. Rd7 Qa7 27. Nh1
Rc2 28. Qd3 Rc1+ 29. Kh2 Qa1 30. Ng3 Qa8 31. Qd5 Qf8 32. Rxc7 Nb4 33. Qb7 Rxc7
34. Qxc7 Nd3 35. Kg1 g6 36. Qc4 Qa3 37. Qc2 h5 38. h4 Be7 39. Qc8+ Kg7 40. Qc2
Bc5 41. Kh2 Bxf2 42. Kh3 Bxg3 43. Kxg3 Nc5 44. Qc4 Qe3 45. Qd5 Nxe4+ 46. Kh3
Nf2+ 47. Kg3 47... Ng4 {Mogno resigns} 0-1

[Event "ICS rated bullet match"]
[Site "207.99.83.227"]
[Date "1999.04.18"]
[Round "?"]
[White "StarFox"]
[Black "Hossa"]
[Result "0-1"]
[WhiteElo "1977"]
[BlackElo "2418"]
[PlyCount "80"]

1. d4 Nf6 2. c4 g6 3. Nc3 Bg7 4. e4 d6 5. f3 O-O 6. Be3 e5 7. d5 Na6 8. Bd3 Nb4
9. Nge2 Nxd3+ 10. Qxd3 Qe7 11. O-O c6 12. Rfd1 cxd5 13. Nxd5 Nxd5 14. cxd5 b6
15. Rdc1 Bb7 16. Rc3 Rac8 17. Rac1 f5 18. Rxc8 Bxc8 19. Qb5 fxe4 20. fxe4 Bd7
21. Qd3 Be8 22. a3 Kh8 23. Rf1 Rxf1+ 24. Kxf1 Qh4 25. h3 Bf7 26. b4 Qf6+ 27.
Ke1 Kg8 28. a4 Kh8 29. a5 bxa5 30. bxa5 Qd8 31. Qb5 Qh4+ 32. Kd2 Qxe4 33. Bxa7
Qxd5+ 34. Qxd5 Bxd5 35. Bb8 Bxg2 36. Bxd6 Bxh3 37. a6 Bg2 38. a7 Bc6 39. Nc3 e4
40. Ke3 40... Bxc3 {StarFox resigns} 0-1

[Event "ICS rated blitz match"]
[Site "207.99.83.227"]
[Date "1999.04.18"]
[Round "?"]
[White "Hossa"]
[Black "iccjunkie"]
[Result "0-1"]
[WhiteElo "2540"]
[BlackElo "2439"]
[Annotator "Crafty v16.6"]
[PlyCount "124"]

{annotating for player ossa  using a scoring margin of +0.10 pawns.  search
time limit is 10.00} 1. e4 1... c5 2. Bc4 e6 3. Nc3 a6 4. a4 ({9:+0.06} 4. a4
4... Nf6 5. e5 d5 6. exd6 Bxd6 7. Nf3 Nc6 8. O-O 8... O-O $10) ({9:+0.32} 4.
Nf3 4... Nc6 5. d4 b5 6. Be2 b4 7. Na4 cxd4 8. Nxd4 8... Nge7 $14) 4... g6 5.
Nf3 Bg7 6. O-O Nc6 7. d3 Nge7 8. Bg5 h6 9. Be3 ({8:-1.38} 9. Be3 9... d5 10.
exd5 exd5 11. Nxd5 Nxd5 12. Bxc5 Bxb2 13. Re1+ 13... Be6 $17) ({8:-0.26} 9. Bh4
9... d6 10. Nd2 Na5 11. Qf3 Nxc4 12. Nxc4 e5 13. Nd5 $10) 9... d5 10. exd5 exd5
11. Nxd5 Nxd5 12. Bxc5 Be6 13. Rb1 Rc8 14. Re1 Bf8 15. Bxd5 Qxd5 16. Bxf8 Kxf8
17. Kh1 Kg7 18. Re4 Bf5 19. Re3 Rhe8 20. Qc1 Bg4 21. Nd2 Nd4 22. Nc4 Qc5 23.
Rxe8 Rxe8 24. Qf4 Be6 25. b4 Qd5 26. Ne3 Qd8 27. Re1 Qf6 28. Qxf6+ Kxf6 29. c3
Nf5 30. Nd5+ Kg7 31. Nb6 Rd8 32. d4 Nd6 33. d5 Bf5 34. c4 Ne4 35. Re2 Nf6 36.
f4 Nd7 37. Nxd7 Rxd7 38. Re5 b6 39. Kg1 Rc7 40. c5 bxc5 41. d6 Rc8 42. bxc5 Kf8
43. Rxf5 gxf5 44. d7 Ra8 45. Kf2 Ke7 46. Ke3 Kxd7 47. Kd4 Re8 48. Kd5 Re2 49.
h4 h5 50. g3 f6 51. Kc4 Kc6 52. Kd3 Re4 53. a5 Kxc5 54. Kd2 Kc4 55. Kc2 Re2+
56. Kd1 Kd3 57. Kc1 Rg2 58. g4 fxg4 59. Kb1 Kc3 60. f5 Rf2 61. Ka1 Kb3 62. Kb1
Rf1# 0-1

[Event "ICS rated blitz match"]
[Site "207.99.83.227"]
[Date "1999.04.18"]
[Round "?"]
[White "inmortal"]
[Black "Hossa"]
[Result "1-0"]
[WhiteElo "2347"]
[BlackElo "2519"]
[Annotator "Crafty v16.6"]
[PlyCount "97"]

{annotating for player ossa  using a scoring margin of +0.10 pawns.  search
time limit is 10.00} 1. e4 1... e5 2. Nf3 Nc6 3. Bc4 Bc5 ({8:-0.50} 3... Bc5 4.
Qe2 d6 5. O-O f5 6. Nc3 Nf6 7. a3 fxe4 8. Nxe4 $14) ({8:-0.18} 3... f5 4. d3
fxe4 5. dxe4 Nf6 6. Bg5 h6 7. Bxf6 Qxf6 8. O-O $10) 4. b4 Bxb4 5. c3 Bd6 6. O-O
Nf6 7. Re1 Na5 ({9:+0.70} 7... Na5 8. Bf1 O-O 9. c4 Bc5 10. d3 Ng4 11. Re2
11... c6 $15) ({9:+0.93} 7... O-O 8. d3 Na5 9. Bb3 b5 10. Bg5 Nxb3 11. axb3 Bb7
12. Nbd2 $17) 8. Bf1 O-O 9. d4 Re8 10. dxe5 Bxe5 11. Nxe5 Rxe5 12. f4 Re7 13.
e5 Ne8 14. Nd2 Nc6 15. Ne4 d6 16. Ba3 Bf5 17. Ng3 Qd7 18. Nxf5 Qxf5 19. Qf3 Rc8
20. Bd3 Qd7 21. Rad1 Qe6 22. Qe4 Qh6 23. Re3 Qh5 24. Rf1 Nf6 25. Qa4 Qh6 26.
Rh3 Nh5 27. g4 g6 28. gxh5 Rce8 29. Kg2 gxh5 30. Rg3+ Kh8 31. exd6 cxd6 32. c4
Re1 33. Bb2+ f6 34. Rxe1 Rxe1 35. Qc2 h4 36. Rg4 h3+ 37. Kf2 Nb4 38. Qc3 Nxd3+
39. Qxd3 Re8 40. Qxd6 Rf8 41. Qe7 a6 42. Bd4 b5 43. c5 a5 44. c6 b4 45. c7
Qxf4+ 46. Rxf4 h5 47. Rxf6 Rxf6+ 48. Qxf6+ Kh7 49. Qg7# 1-0